Matylda /
Humorné a tak trochu drsné vyprávění o chytré holčičce Matyldě, jejích hloupých rodičích a zvláštním nadání.
Uloženo v:
| Hlavní autor: | |
|---|---|
| Další autoři: | , |
| Médium: | E-kniha |
| Jazyk: | Czech |
| Vydáno: |
Praha :
Euromedia Group,
2023
|
| Vydání: | Vydání čtvrté |
| Edice: | Pikola (Euromedia)
|
| Témata: | |
| Tagy: |
Žádné tagy |
| LEADER | 02729nam a2200493 i 4500 | ||
|---|---|---|---|
| 001 | 311940 | ||
| 003 | CZ PrSKC | ||
| 005 | 20260601215714.0 | ||
| 007 | ta | ||
| 008 | 230314s2023 xr a b 000 j cze | ||
| 015 | |a cnb003493408 | ||
| 020 | |a 9788024288123 |q (vázáno) | ||
| 035 | |a (OCoLC)1375349316 | ||
| 040 | |a ABG001 |b cze |e rda | ||
| 041 | 1 | |a cze |h eng | |
| 072 | 7 | |a 821.111-3 |x Anglická próza, anglicky psaná |2 Konspekt | |
| 072 | 7 | |a 821-93 |x Literatura pro děti a mládež (beletrie) |2 Konspekt | |
| 080 | |a 821.111-32 |2 MRF | ||
| 080 | |a 821-93 |2 MRF | ||
| 080 | |a (0:82-32) |2 MRF | ||
| 100 | 1 | |a Dahl, Roald, |d 1916-1990 |7 jn19990001595 |4 aut | |
| 240 | 1 | 0 | |a Matilda. |l Česky |7 aun2017947270 |
| 245 | 1 | 0 | |a Matylda / |c Roald Dahl ; ilustroval Quentin Blake ; z anglického originálu Matilda ... přeložila Jitka Herynková |
| 250 | |a Vydání čtvrté | ||
| 264 | 1 | |a Praha : |b Euromedia Group, |c 2023 | |
| 300 | |a 239 stran : |b ilustrace ; |c 21 cm | ||
| 336 | |a text |b txt |2 rdacontent | ||
| 337 | |a bez média |b n |2 rdamedia | ||
| 338 | |a svazek |b nc |2 rdacarrier | ||
| 490 | 1 | |a Pikola | |
| 520 | 2 | |a Humorné a tak trochu drsné vyprávění o chytré holčičce Matyldě, jejích hloupých rodičích a zvláštním nadání. |b Matylda Kazisvětová je geniální. Uměla plynně mluvit, když jí ještě nebyly ani dva roky, a ve čtyřech už četla Nadějné vyhlídky od Charlese Dickense. Jela do Afriky s Ernestem Hemingwayem a do Indie s Rudyardem Kiplingem - cestovala po celém světě, a přitom seděla ve svém pokojíčku v anglické vesnici. Většina dospělých v jejím okolí ji přesto ignoruje nebo si myslí, že děti jsou "jakési strupy". I rodiče o Matyldě říkají samé hrozné věci. Ve skutečnosti je Matylda inteligentní a nadaná dívka a oni jsou hloupí. Matylda naštěstí zjistí, že vládne velmi zvláštním druhem kouzelné moci! Nakladatelská anotace. | |
| 521 | 8 | |a Pro čtenáře od 7 let | |
| 655 | 7 | |a anglické příběhy |7 fd131813 |2 czenas | |
| 655 | 7 | |a publikace pro děti |7 fd133156 |2 czenas | |
| 655 | 9 | |a English stories |2 eczenas | |
| 655 | 9 | |a children's literature |2 eczenas | |
| 700 | 1 | |a Blake, Quentin, |d 1932- |7 xx0008285 |4 ill | |
| 700 | 1 | |a Herynková, Jitka, |d 1946- |7 ola2003204822 |4 trl | |
| 830 | 0 | |a Pikola (Euromedia) | |
| 900 | |a ABA001 |b 20 | ||
| 044 | |a xr | ||
| 910 | |a RBIT002 | ||
| 998 | |d 376151 |a https://core.palmknihy.cz/api/books/376151/cover?snvjze |b https://core.palmknihy.cz/api/books/376151/cover/400?snvjze |c https://core.palmknihy.cz/api/books/376151/cover/50?snvjze |e 2027-11-11 |g 239 |i 9788024288123 |j https://core.palmknihy.cz/api/books/376151/preview.epub |l |q 49 |r 1 |s https://www.palmknihy.cz/kniha/376151 |t ebook |y 2023 |z 0 | ||
| 999 | |d 311938 | ||